[Event "14th Pan-American ch"]
[Site "Boca Raton USA"]
[Date "2008.11.02"]
[Round "1.2"]
[White "Margulis, Yevgeni"]
[Black "Shabalov, Alexander"]
[Result "0-1"]
[WhiteElo "2274"]
[BlackElo "2585"]
[EventDate "2008.11.01"]
[PlyCount "86"]

1.d4 Nf6 2.Nf3 e6 3.g3 b5 4.Bg2 Bb7 5.a4 b4 6.c4 c5 7.d5 exd5 8.Nh4 g6 9.
O-O Bg7 10.cxd5 O-O 11.e4 d6 12.Re1 a5 13.Nd2 Nbd7 14.Nc4 Nb6 15.Bf1 Re8 
16.f3 Nxc4 17.Bxc4 Nd7 18.Ra2 Ba6 19.Bxa6 Rxa6 20.b3 Nb6 21.Qd3 Ra8 22.Ng2
Bc3 23.Bd2 c4 24.bxc4 Bxd2 25.Rxd2 Nxa4 26.Ne3 Nc5 27.Qb1 Qf6 28.Qd1 a4 
29.Ng4 Qg7 30.e5 dxe5 31.d6 h5 32.Rd5 Nd7 33.Ne3 e4 34.c5 Rec8 35.Nc2 b3 
36.Na3 Qc3 37.Nb5 Qc4 38.Nc7 Rab8 39.Rxe4 Qc3 40.Rxa4 b2 41.Qb1 Qc1+ 42.
Rd1 Qxd1+ 43.Qxd1 b1=Q 0-1

[Event "14th Pan-American ch"]
[Site "Boca Raton USA"]
[Date "2008.11.02"]
[Round "1.4"]
[White "La Rota, Fabio"]
[Black "Stripunsky, Alexander"]
[Result "0-1"]
[WhiteElo "2252"]
[BlackElo "2553"]
[EventDate "2008.11.01"]
[PlyCount "92"]

1.d4 d5 2.Nf3 Bf5 3.Bf4 e6 4.e3 Bd6 5.Bg3 Nf6 6.Nbd2 O-O 7.Be2 c5 8.c3 h6 
9.Ne5 Nc6 10.Nxc6 bxc6 11.dxc5 Bxc5 12.Qa4 Qb6 13.Qb3 Be7 14.O-O Nd7 15.
Nf3 Rfc8 16.Rfc1 Bh7 17.h3 Nc5 18.Qxb6 axb6 19.c4 Bd3 20.Nd4 Bxe2 21.Nxe2 
Nd3 22.Rc3 Nxb2 23.cxd5 exd5 24.Rc2 Nc4 25.Rd1 b5 26.Nd4 Ra6 27.Re1 Na3 
28.Rce2 Bf8 29.Rd1 g6 30.Nb3 b4 31.Kf1 Nb5 32.Be5 Rca8 33.Rc2 Na3 34.Rcc1 
Nc4 35.Bd4 Rxa2 36.e4 R8a3 37.exd5 cxd5 38.Nc5 b3 39.Ke1 Bg7 40.Bxg7 Kxg7 
41.Rb1 b2 42.Nd3 Ra1 43.Nxb2 Rxb1 44.Rxb1 Rb3 45.Rd1 Nxb2 46.Rxd5 Nd3+ 0-1

[Event "14th Pan-American ch"]
[Site "Boca Raton USA"]
[Date "2008.11.02"]
[Round "1.5"]
[White "Ivanov, Alexander"]
[Black "Bick, John"]
[Result "1-0"]
[WhiteElo "2547"]
[BlackElo "2245"]
[EventDate "2008.11.01"]
[PlyCount "71"]

1.e4 e5 2.Nf3 Nf6 3.d4 Nxe4 4.Bd3 Nc6 5.dxe5 d5 6.exd6 Nxd6 7.Nc3 Bf5 8.
O-O Be7 9.Nd5 O-O 10.Bf4 Bg6 11.Re1 Re8 12.c4 Bf8 13.Rxe8 Nxe8 14.Bxg6 
hxg6 15.Nxc7 Nxc7 16.Qxd8 Rxd8 17.Bxc7 Rd7 18.Bf4 Nd4 19.Kf1 Nxf3 20.gxf3 
Rd4 21.Be3 Rxc4 22.Bxa7 Bd6 23.Rd1 Be5 24.b3 Rh4 25.Rd8+ Kh7 26.Rd7 Rxh2 
27.Rxb7 Rh1+ 28.Ke2 Ra1 29.a4 f5 30.Be3 Ra2+ 31.Kd3 Bf6 32.Rb5 Bd8 33.Bd4 
Kh6 34.Be3+ Kh7 35.f4 Kh6 36.Rb8 1-0

[Event "14th Pan-American ch"]
[Site "Boca Raton USA"]
[Date "2008.11.02"]
[Round "1.6"]
[White "Robledo Gonzales, Manuel"]
[Black "Leon Hoyos, Manuel"]
[Result "0-1"]
[WhiteElo "2223"]
[BlackElo "2535"]
[EventDate "2008.11.01"]
[PlyCount "126"]

1.d4 Nf6 2.c4 e6 3.Nc3 Bb4 4.Bg5 h6 5.Bh4 c5 6.d5 d6 7.e3 O-O 8.Bd3 exd5 
9.cxd5 Nbd7 10.Ne2 Ne5 11.Bc2 Ng6 12.Bg3 Nh5 13.O-O f5 14.f4 Nf6 15.h3 Qe8
16.Qb1 Bxc3 17.Nxc3 Qxe3+ 18.Kh2 Nh5 19.Rf3 Qe7 20.Qf1 Bd7 21.Re1 Qf6 22.
a4 Rae8 23.Rxe8 Rxe8 24.Be1 Ngxf4 25.Bd2 Ng6 26.Bxf5 Qe5+ 27.Kg1 Bxf5 28.
Rxf5 Qd4+ 29.Qf2 Ng3 30.Rf3 Ne2+ 31.Nxe2 Rxe2 32.Qxd4 cxd4 33.Bb4 Ne5 34.
Rf1 Nf7 35.Rf2 Re5 36.Kf1 Rxd5 37.Ke2 Ne5 38.b3 Nc6 39.Ba3 a6 40.Kd2 b5 
41.axb5 axb5 42.Kd3 Re5 43.Bxd6 Re3+ 44.Kc2 Na5 45.Rf3 Re2+ 46.Kd3 Rxg2 
47.Rf5 Nxb3 48.Rxb5 Nc1+ 49.Kxd4 Rd2+ 50.Ke5 Rh2 51.Kf5 Rf2+ 52.Ke6 Ne2 
53.Rb8+ Kh7 54.Be5 Nf4+ 55.Bxf4 Rxf4 56.Ke5 g5 57.Rb6 Kg7 58.Ra6 Rh4 59.
Ra3 Kg6 60.Rf3 Kh5 61.Kf5 Ra4 62.Rf1 Kh4 63.Kg6 Ra6+ 0-1

[Event "14th Pan-American ch"]
[Site "Boca Raton USA"]
[Date "2008.11.02"]
[Round "1.7"]
[White "Friedel, Joshua"]
[Black "Santarius, Erik"]
[Result "1/2-1/2"]
[WhiteElo "2498"]
[BlackElo "2213"]
[EventDate "2008.11.01"]
[PlyCount "83"]

1.e4 e5 2.Nf3 Nc6 3.Bb5 a6 4.Ba4 Nf6 5.O-O Be7 6.Re1 b5 7.Bb3 d6 8.c3 O-O 
9.d4 Bg4 10.d5 Na5 11.Bc2 c6 12.h3 Bxf3 13.Qxf3 cxd5 14.exd5 Rc8 15.Nd2 
Nc4 16.Nf1 g6 17.g4 Ne8 18.b3 Nb6 19.Bh6 Ng7 20.Ng3 Bg5 21.Bxg5 Qxg5 22.
Ne4 Qe7 23.Nf6+ Kh8 24.g5 Nd7 25.a4 b4 26.c4 Ne8 27.Nxd7 Qxd7 28.Qe3 f6 
29.f4 exf4 30.Qxf4 Qxh3 31.Re3 Qd7 32.Rae1 Rf7 33.Qd4 Kg8 34.gxf6 Nxf6 35.
Re6 Nh5 36.Bd1 Ng7 37.Bg4 Nf5 38.Bxf5 Rxf5 39.Re7 Rg5+ 40.Kh2 Rh5+ 41.Kg1 
Rg5+ 42.Kh2 1/2-1/2

[Event "14th Pan-American ch"]
[Site "Boca Raton USA"]
[Date "2008.11.02"]
[Round "1.9"]
[White "Lima, Darcy"]
[Black "Fonseca Gonzalez, Jose Luis"]
[Result "1-0"]
[WhiteElo "2488"]
[BlackElo "2200"]
[EventDate "2008.11.01"]
[PlyCount "103"]

1.e4 c5 2.Nf3 Nc6 3.d4 cxd4 4.Nxd4 g6 5.Nb3 Nf6 6.Nc3 Bg7 7.Be2 O-O 8.O-O 
d6 9.Bg5 Be6 10.Kh1 Rc8 11.f4 a6 12.Bf3 Re8 13.Nd5 Bxd5 14.exd5 Na5 15.
Nxa5 Qxa5 16.c3 Qb6 17.Qd2 e5 18.dxe6 Rxe6 19.Bxf6 Rxf6 20.Bd5 Re8 21.g4 
Qc7 22.Rae1 Rxe1 23.Rxe1 Qd7 24.g5 Rf5 25.c4 h6 26.Be4 Rc5 27.f5 Rxc4 28.
fxg6 Rd4 29.Qg2 hxg5 30.Bd5 Bf6 31.Qf3 Kg7 32.gxf7 Rf4 33.Qh5 Be7 34.Be4 
Rxe4 35.Rxe4 Qf5 36.Qe2 Bf6 37.Kg2 Kxf7 38.Qf3 Qc5 39.Re2 b5 40.Qe4 Kg7 
41.Rc2 Qb6 42.Kf3 Be5 43.Kg2 b4 44.Rc8 b3 45.Qd5 Qa7 46.Qxb3 Qd7 47.Rc4 
Bf4 48.Qc3+ Kg6 49.Qf3 Qf5 50.Qe4 Kf6 51.Qxf5+ Kxf5 52.h3 1-0

[Event "14th Pan-American ch"]
[Site "Boca Raton USA"]
[Date "2008.11.03"]
[Round "2"]
[White "Almeida Saenz, Alfonso"]
[Black "Ehlvest, Jaan"]
[Result "0-1"]
[WhiteElo "2378"]
[BlackElo "2581"]
[EventDate "2008.11.01"]
[PlyCount "110"]

1.d4 d5 2.c4 e6 3.Nc3 c6 4.e4 Bb4 5.e5 Ne7 6.a3 Bxc3+ 7.bxc3 c5 8.Nf3 Nbc6
9.Bd3 dxc4 10.Bxc4 Na5 11.Bd3 Bd7 12.Ng5 Nf5 13.Ne4 cxd4 14.g4 Ne7 15.Nd6+
Kf8 16.Qf3 Be8 17.Bg5 Qc7 18.Rb1 dxc3 19.O-O Nd5 20.Rfc1 Bc6 21.Be4 h6 22.
Bh4 Kg8 23.Bxd5 exd5 24.Qxc3 Nc4 25.Bg3 Qd7 26.Nxc4 dxc4 27.Qxc4 h5 28.e6 
Qxe6 29.Qxe6 fxe6 30.g5 Kf7 31.Be5 Kg6 32.f4 h4 33.Kf2 Rhd8 34.Rd1 Bd5 35.
Rdc1 Rd7 36.Ke3 Kf5 37.Rc3 Rad8 38.Rd1 Bc6 39.Rxd7 Rxd7 40.Bd4 a6 41.Rc5+ 
Kg4 42.g6 Kh3 43.Rh5 Ba4 44.Rh7 Bc2 45.Rxg7 Rxg7 46.Bxg7 Kxh2 47.Bf6 Kg3 
48.Be5 Kg2 49.f5 Bxf5 50.Kf4 h3 51.Kg5 b5 52.Kf6 Bxg6 53.Kxe6 a5 54.Kd5 a4
55.Kc5 Bd3 0-1

[Event "14th Pan-American ch"]
[Site "Boca Raton USA"]
[Date "2008.11.03"]
[Round "2"]
[White "Garcia Alarcon, Alvaro"]
[Black "Aldama Degurnay, Dionisio"]
[Result "0-1"]
[WhiteElo "2198"]
[BlackElo "2457"]
[EventDate "2008.11.01"]
[PlyCount "84"]

1.d4 Nf6 2.c4 e6 3.Nf3 c5 4.d5 exd5 5.cxd5 d6 6.Nc3 g6 7.Bf4 Bg7 8.e3 O-O 
9.Bd3 a6 10.a4 Re8 11.h3 Nbd7 12.O-O Qc7 13.Bc2 Rb8 14.Qe2 c4 15.a5 b5 16.
axb6 Rxb6 17.Ra2 Rb4 18.Rd1 Bb7 19.Ba4 Re7 20.Bc6 Bc8 21.Nd2 Ne5 22.Bxe5 
Rxe5 23.Nxc4 Rg5 24.f4 Rh5 25.Ra4 Rb8 26.e4 Nd7 27.Kh2 Nc5 28.Ra3 Rb4 29.
Na2 Bg4 30.Qxg4 Rxc4 31.b4 f5 32.exf5 Be5 33.fxg6 Bxf4+ 34.Kh1 Rg5 35.
gxh7+ Kh8 36.Qh4 Qg7 37.Rf3 Be5 38.Rf8+ Qxf8 39.Qxg5 Ne4 40.Qg8+ Qxg8 41.
hxg8=Q+ Kxg8 42.Rc1 Ng3+ 0-1

[Event "14th Pan-American ch"]
[Site "Boca Raton USA"]
[Date "2008.11.03"]
[Round "2"]
[White "Lucente, Mike"]
[Black "Hortillosa, Andres"]
[Result "0-1"]
[WhiteElo "1946"]
[BlackElo "2199"]
[EventDate "2008.11.01"]
[PlyCount "120"]

1.d4 Nf6 2.Bg5 d5 3.Bxf6 exf6 4.e3 Bd6 5.c4 c6 6.Nc3 dxc4 7.Bxc4 b5 8.Bd3 
Bb7 9.Nf3 O-O 10.O-O Nd7 11.Rc1 Re8 12.Ne4 Bf8 13.Qc2 g6 14.Rfd1 f5 15.Ng3
Bd6 16.e4 Bf4 17.Rb1 Bxg3 18.hxg3 fxe4 19.Bxe4 Qb6 20.b4 a5 21.a3 axb4 22.
axb4 Nf6 23.Bd3 Nd5 24.Qd2 Kg7 25.Re1 Qc7 26.Ng5 Re7 27.Ne4 Rae8 28.Nc5 
Bc8 29.Be4 Qd6 30.Bf3 Bf5 31.Rxe7 Qxe7 32.Ra1 Rd8 33.Re1 Qf6 34.Re5 Nb6 
35.Nb7 Nc4 36.Qc3 Rb8 37.Na5 Nxe5 38.dxe5 Qe6 39.Nxc6 Rc8 40.Qc5 Qc4 41.
Qd6 Be6 42.g4 Ra8 43.Na5 Qc1+ 44.Kh2 Qf4+ 45.Kg1 Qc1+ 46.Kh2 Rc8 47.Kg3 g5
48.Nc6 Qh1 49.Be4 Qh4+ 50.Kf3 Qxg4+ 51.Ke3 Qf4+ 52.Kd3 Qxf2 53.Bd5 Bf5+ 
54.Kc3 Qc2+ 55.Kd4 Qf2+ 56.Kc3 Qe3+ 57.Kb2 Qd2+ 58.Ka3 Qc1+ 59.Kb3 Be6 60.
Bxe6 Rxc6 0-1

[Event "14th Pan-American ch"]
[Site "Boca Raton USA"]
[Date "2008.11.03"]
[Round "2"]
[White "Sarkar, Justin"]
[Black "Barros Vargas, Raul"]
[Result "1-0"]
[WhiteElo "2451"]
[BlackElo "2002"]
[EventDate "2008.11.01"]
[PlyCount "81"]

1.d4 Nf6 2.c4 c5 3.d5 b5 4.cxb5 a6 5.bxa6 Bxa6 6.g3 g6 7.Bg2 d6 8.Nc3 Bg7 
9.Nf3 Nbd7 10.Rb1 O-O 11.O-O Qc7 12.Re1 Rfb8 13.Qc2 Ng4 14.h3 Nge5 15.Nxe5
Nxe5 16.f4 Nd7 17.Kh2 c4 18.Be3 Rb4 19.Red1 Rab8 20.Bd4 Bxd4 21.Rxd4 Qb6 
22.Rd2 Nc5 23.Bf3 Bc8 24.Kg2 Bd7 25.a3 Rb3 26.g4 Qc7 27.Rd4 Qb6 28.Rxc4 
Rxb2 29.Rxb2 Qxb2 30.Qxb2 Rxb2 31.Rb4 Rc2 32.Ne4 Nxe4 33.Rxe4 Kf8 34.Rb4 
Rc3 35.Rb8+ Bc8 36.Ra8 Ke8 37.g5 f5 38.e4 fxe4 39.Bg4 Kd8 40.Be6 Rf3 41.
Rxc8# 1-0

[Event "14th Pan-American ch"]
[Site "Boca Raton USA"]
[Date "2008.11.03"]
[Round "2"]
[White "Stripunsky, Alexander"]
[Black "Rensch, Daniel"]
[Result "1-0"]
[WhiteElo "2553"]
[BlackElo "2354"]
[EventDate "2008.11.01"]
[PlyCount "69"]

1.e4 c5 2.Ne2 d6 3.g3 Nc6 4.Bg2 g6 5.c3 Bg7 6.d4 cxd4 7.cxd4 e5 8.Be3 Nf6 
9.d5 Ne7 10.f3 O-O 11.O-O Ne8 12.Nbc3 f5 13.Rc1 b6 14.a4 Ba6 15.Nb5 Qd7 
16.Qb3 h5 17.Bh3 Rf7 18.f4 Bxb5 19.axb5 Nf6 20.Rc4 Ng4 21.Bxg4 hxg4 22.
fxe5 dxe5 23.Bg5 Nc8 24.exf5 gxf5 25.Rc6 Nd6 26.Nc3 Re8 27.Qc2 e4 28.Bf4 
Bxc3 29.Qxc3 Nxb5 30.Rg6+ Rg7 31.Rxg7+ Qxg7 32.Qc6 Qd4+ 33.Kh1 Rd8 34.Qe6+
Kh7 35.Qxf5+ 1-0

[Event "14th Pan-American ch"]
[Site "Boca Raton USA"]
[Date "2008.11.03"]
[Round "2"]
[White "Terry Lujan, Renato Alfredo"]
[Black "Ivanov, Alexander"]
[Result "0-1"]
[WhiteElo "2349"]
[BlackElo "2547"]
[EventDate "2008.11.01"]
[PlyCount "124"]

1.d4 g6 2.Nf3 Bg7 3.g3 c5 4.c3 Qa5 5.Bg2 cxd4 6.Nxd4 Nf6 7.O-O Nc6 8.Nd2 
O-O 9.N2b3 Qc7 10.Bg5 h6 11.Be3 Ng4 12.Bd2 d6 13.Rc1 Bd7 14.h3 Nge5 15.c4 
Nxd4 16.Nxd4 Qb6 17.Qb3 Nc6 18.Nb5 Na5 19.Bxa5 Qxa5 20.Nc3 Rab8 21.Nd5 e6 
22.Nb4 Rfc8 23.Nd3 Rc7 24.Rc2 Rbc8 25.Rfc1 b6 26.Qb4 Qxb4 27.Nxb4 a5 28.
Nd3 d5 29.b3 b5 30.c5 b4 31.e4 Bb5 32.Nf4 dxe4 33.Bxe4 Bc3 34.a4 Bc6 35.
Bxc6 Rxc6 36.Nd3 Rd8 37.Nb2 Rxc5 38.Nd1 Rd3 39.Kf1 e5 40.Ke2 e4 41.Ne3 f5 
42.Rd1 Rxd1 43.Nxd1 Kf7 44.Nxc3 bxc3 45.Ke3 Ke6 46.Kd4 Kd6 47.h4 g5 48.
hxg5 hxg5 49.Rc1 c2 50.g4 Rd5+ 51.Ke3 Rd3+ 52.Ke2 f4 53.Rxc2 f3+ 54.Ke1 
Rxb3 55.Rc4 Kd5 56.Rc8 Rb1+ 57.Kd2 Rb2+ 58.Ke1 Re2+ 59.Kf1 Ra2 60.Kg1 Ra1+
61.Kh2 e3 62.Rd8+ Kc6 0-1

[Event "14th Pan-American ch"]
[Site "Boca Raton USA"]
[Date "2008.11.03"]
[Round "3.1"]
[White "Lima, Darcy"]
[Black "Shabalov, Alexander"]
[Result "1-0"]
[WhiteElo "2488"]
[BlackElo "2585"]
[EventDate "2008.11.01"]
[PlyCount "89"]

1.e4 e5 2.Nf3 Nc6 3.Nc3 Nf6 4.Bb5 Bc5 5.O-O O-O 6.Nxe5 Re8 7.Nf3 Nxe4 8.
Nxe4 Rxe4 9.d3 Re8 10.d4 Bf8 11.d5 Ne5 12.Nxe5 Rxe5 13.Bf4 Rf5 14.Bg3 c6 
15.Bc4 b5 16.Bb3 Bb7 17.c4 bxc4 18.Bxc4 Qb6 19.Qd3 g6 20.d6 Bg7 21.Rae1 
Bd4 22.b4 c5 23.b5 a6 24.a4 axb5 25.axb5 Rf8 26.Re7 Qd8 27.Qa3 Qc8 28.Qa2 
Kg7 29.Rfe1 h5 30.h4 Ba8 31.Qa7 Bb7 32.Bd3 Rf6 33.Be4 Bxe4 34.R1xe4 Qa8 
35.Qxa8 Rxa8 36.Rxd7 Ra1+ 37.Kh2 Rf5 38.Re2 c4 39.b6 Rb5 40.b7 Kf6 41.Rc7 
Rbb1 42.Bf4 Rh1+ 43.Kg3 Ra3+ 44.Re3 Bxe3 45.fxe3 1-0

[Event "14th Pan-American ch"]
[Site "Boca Raton USA"]
[Date "2008.11.03"]
[Round "3.3"]
[White "Aldama Degurnay, Dionisio"]
[Black "Stripunsky, Alexander"]
[Result "1/2-1/2"]
[WhiteElo "2457"]
[BlackElo "2553"]
[EventDate "2008.11.01"]
[PlyCount "135"]

1.e4 c5 2.Nc3 e6 3.f4 d5 4.Bb5+ Bd7 5.Bxd7+ Qxd7 6.Nf3 Nc6 7.O-O dxe4 8.
Nxe4 Be7 9.d3 f5 10.Nf2 Bf6 11.c3 Nge7 12.Re1 Kf7 13.Bd2 Rhe8 14.Qb3 Ng6 
15.Re2 Nh4 16.Ne1 Kg8 17.g3 Ng6 18.Ng2 Kh8 19.Rae1 e5 20.h4 Re7 21.h5 Nf8 
22.g4 fxg4 23.Ne4 Qxd3 24.h6 c4 25.Qd1 Rd8 26.f5 Nd7 27.Re3 Qd5 28.Qxg4 
gxh6 29.Rg3 Rg7 30.Qh3 Rxg3 31.Qxg3 Rg8 32.Qh3 Be7 33.Bxh6 Nf6 34.Ng5 Nd8 
35.Kf1 e4 36.Nf4 Qd6 37.Nfe6 Rxg5 38.Bxg5 Nxe6 39.fxe6 Qe5 40.Be3 Bc5 41.
Bxc5 Qxc5 42.Re2 h5 43.Qh4 Kg7 44.Qf4 Qd5 45.e7 Qd1+ 46.Re1 Qd7 47.Ke2 
Qxe7 48.Qg5+ Kf7 49.Rf1 Qd6 50.Qxh5+ Ke7 51.Qh3 Qb6 52.Rb1 Qb5 53.Kf2 Qa4 
54.Re1 Qxa2 55.Re2 Qa5 56.Qc8 Qd5 57.Ke1 b5 58.Qc7+ Ke6 59.Qxa7 Qd3 60.
Qb6+ Kf7 61.Qc7+ Ke6 62.Qc8+ Kf7 63.Qc7+ Ke6 64.Qf4 Qb1+ 65.Kf2 Qh1 66.Rd2
e3+ 67.Qxe3+ Ne4+ 68.Ke2 1/2-1/2

[Event "14th Pan-American ch"]
[Site "Boca Raton USA"]
[Date "2008.11.03"]
[Round "3.5"]
[White "Arenas Vanegas, David"]
[Black "Leon Hoyos, Manuel"]
[Result "0-1"]
[WhiteElo "2323"]
[BlackElo "2535"]
[EventDate "2008.11.01"]
[PlyCount "142"]

1.e4 c6 2.d4 d5 3.e5 c5 4.dxc5 Nc6 5.Bb5 Nh6 6.Nf3 Bg4 7.O-O Qa5 8.c4 dxc4
9.Nc3 a6 10.Bxc6+ bxc6 11.Bxh6 gxh6 12.Qd4 Be6 13.Rfd1 Bg7 14.Qe3 O-O 15.
Ne4 Rab8 16.Rd2 Bd5 17.Ng3 Rb3 18.Qe1 Rb7 19.Nh5 Qxc5 20.Nd4 e6 21.Qe3 Qe7
22.f4 f5 23.Ne2 Rfb8 24.Qd4 Bf8 25.Nf6+ Kh8 26.Qc3 Qg7 27.Nxd5 cxd5 28.Rc2
Bc5+ 29.Kh1 Qf7 30.b3 Bb4 31.Qh3 cxb3 32.axb3 a5 33.Nd4 Qg6 34.Rc6 Re8 35.
Rac1 Rbe7 36.Nb5 h5 37.Nd6 Rb8 38.Rc7 Rxc7 39.Rxc7 Bxd6 40.exd6 Qf6 41.Qc3
Qxc3 42.Rxc3 Rd8 43.Rc6 Kg7 44.Kg1 Kf6 45.Ra6 h4 46.h3 h5 47.Kf2 Rb8 48.
Rxa5 Rb6 49.b4 Rxd6 50.Ra2 Rb6 51.Rb2 Ke7 52.Ke3 Kd6 53.Kd4 Rc6 54.b5 Rc4+
55.Ke3 Kc7 56.Rb3 Kb6 57.Kf3 d4 58.Ke2 Rc3 59.Rb4 Re3+ 60.Kd2 Rg3 61.Rxd4 
Kxb5 62.Rd6 Rxg2+ 63.Ke3 Rg1 64.Rd8 Kc5 65.Rh8 Rg3+ 66.Kf2 Kd5 67.Rxh5 
Rxh3 68.Kg2 Rg3+ 69.Kf2 Ke4 70.Rxh4 Rf3+ 71.Ke2 Rxf4 0-1

[Event "14th Pan-American ch"]
[Site "Boca Raton USA"]
[Date "2008.11.03"]
[Round "3.9"]
[White "La Rota, Fabio"]
[Black "Bhat, Vinay"]
[Result "0-1"]
[WhiteElo "2252"]
[BlackElo "2498"]
[EventDate "2008.11.01"]
[PlyCount "124"]

1.d4 Nf6 2.Nf3 c5 3.c3 Qc7 4.Bg5 d6 5.e3 Nbd7 6.Nbd2 h6 7.Bh4 g5 8.Bg3 Nh5
9.Bc4 e6 10.Qa4 Nxg3 11.hxg3 Bg7 12.dxc5 d5 13.Bd3 Qxc5 14.Nb3 Qc6 15.Qb4 
Qb6 16.Bb5 Kd8 17.O-O-O a6 18.Bxd7 Qxb4 19.cxb4 Bxd7 20.Nc5 Rc8 21.Kb1 Rc7
22.Rc1 Be8 23.Nd4 Ke7 24.Rc3 b6 25.Nd3 Rxc3 26.bxc3 Bd7 27.f4 f6 28.g4 Rc8
29.Kc2 e5 30.Nf5+ Bxf5 31.gxf5 gxf4 32.exf4 d4 33.Re1 Rxc3+ 34.Kd2 Ra3 35.
Re4 Rxa2+ 36.Kd1 Rxg2 37.fxe5 fxe5 38.Nxe5 Bxe5 39.Rxe5+ Kf6 40.Re6+ Kxf5 
41.Rxh6 Rg6 42.Rh5+ Ke4 43.Kc2 Re6 44.Kd2 Rf6 45.Kc2 Rf5 46.Rh4+ Ke3 47.
Rh3+ Ke4 48.Rh4+ Kd5 49.Rh6 b5 50.Rxa6 Kc4 51.Rc6+ Kxb4 52.Kd3 Rc5 53.Rd6 
Kb3 54.Rxd4 b4 55.Kd2 Rc8 56.Rh4 Ka3 57.Rh7 b3 58.Ra7+ Kb2 59.Rb7 Ka2 60.
Ra7+ Kb1 61.Rb7 b2 62.Rh7 Ra8 0-1

[Event "14th Pan-American ch"]
[Site "Boca Raton USA"]
[Date "2008.11.03"]
[Round "3.10"]
[White "Barrientos Chavarriaga, Sergio"]
[Black "Bick, John"]
[Result "0-1"]
[WhiteElo "2450"]
[BlackElo "2245"]
[EventDate "2008.11.01"]
[PlyCount "30"]

1.e4 e5 2.Nf3 Nf6 3.d4 Nxe4 4.Bd3 Nc6 5.O-O d5 6.Nxe5 Nxd4 7.Re1 Be7 8.Nc3
Nf6 9.Bg5 c6 10.Bxf6 gxf6 11.Qh5 Be6 12.Ng4 Rg8 13.Rxe6 Nxe6 14.Re1 Rg5 
15.Qh3 h5 0-1

[Event "14th Pan-American ch"]
[Site "Boca Raton USA"]
[Date "2008.11.04"]
[Round "4.4"]
[White "Garcia, Gildardo"]
[Black "Friedel, Joshua"]
[Result "1/2-1/2"]
[WhiteElo "2410"]
[BlackElo "2498"]
[EventDate "2008.11.01"]
[PlyCount "100"]

1.e4 e5 2.Nf3 Nc6 3.Bb5 a6 4.Ba4 Nf6 5.O-O Be7 6.Re1 b5 7.Bb3 d6 8.c3 O-O 
9.h3 Na5 10.Bc2 c5 11.d4 Nd7 12.dxc5 dxc5 13.Nbd2 Bb7 14.Nf1 Nc4 15.Ng3 
Nd6 16.Nh2 Qc7 17.Ng4 Qc6 18.Ne3 Nb6 19.a4 bxa4 20.Nd5 Nxd5 21.exd5 Qxd5 
22.Qxd5 Bxd5 23.Rxe5 Be6 24.Rxa4 c4 25.Rea5 Bd7 26.Ra1 Bb5 27.Bf4 Nb7 28.
R5a2 Bd6 29.Bxd6 Nxd6 30.Rd1 Rad8 31.Raa1 Nb7 32.Nf5 Rxd1+ 33.Rxd1 g6 34.
Nd6 Nxd6 35.Rxd6 Re8 36.Kf1 Kf8 37.f4 Rb8 38.Be4 Ke7 39.Rd2 Bd7 40.Bd5 Be6
41.Re2 Kf6 42.Bxe6 fxe6 43.Rd2 Kf5 44.g3 h5 45.Kf2 h4 46.Kf3 hxg3 47.Kxg3 
a5 48.Kf3 Rh8 49.Kg3 Rb8 50.Kf3 Rh8 1/2-1/2

[Event "14th Pan-American ch"]
[Site "Boca Raton USA"]
[Date "2008.11.04"]
[Round "4.7"]
[White "Escobar Forero, Alder"]
[Black "Arenas Vanegas, David"]
[Result "1/2-1/2"]
[WhiteElo "2482"]
[BlackElo "2323"]
[EventDate "2008.11.01"]
[PlyCount "81"]

1.d4 Nf6 2.Nf3 g6 3.Nc3 d5 4.Bf4 Bg7 5.e3 O-O 6.Be2 Nbd7 7.Ne5 c6 8.h4 Ne4
9.Nxe4 Nxe5 10.Ng5 Nd7 11.h5 e5 12.dxe5 Nxe5 13.hxg6 hxg6 14.c3 f6 15.Nf3 
g5 16.Qc2 Nxf3+ 17.Bxf3 f5 18.Bg3 Qf6 19.O-O-O b5 20.Be2 Bd7 21.f4 g4 22.
Rh5 Kf7 23.Bd3 Rh8 24.Rxf5 Bxf5 25.Bxf5 Rae8 26.e4 dxe4 27.Bxe4 Rd8 28.
Qb3+ Qe6 29.Bg6+ Kf6 30.Bh4+ Rxh4 31.Qxe6+ Kxe6 32.Rxd8 Bh6 33.Re8+ Kd7 
34.Re4 g3 35.Bf5+ Kc7 36.Kc2 Rxf4 37.Rxf4 Bxf4 38.Kd3 Kd6 39.Be4 c5 40.b3 
Be5 41.Bf3 1/2-1/2

[Event "14th Pan-American ch"]
[Site "Boca Raton USA"]
[Date "2008.11.04"]
[Round "4.9"]
[White "Sarkar, Justin"]
[Black "Pena Hernandez, Alfredo"]
[Result "1-0"]
[WhiteElo "2451"]
[BlackElo "2309"]
[EventDate "2008.11.01"]
[PlyCount "91"]

1.d4 Nf6 2.c4 g6 3.Nc3 Bg7 4.e4 O-O 5.Nf3 d6 6.Be2 e5 7.O-O Nc6 8.d5 Ne7 
9.Ne1 Nd7 10.f3 f5 11.g4 f4 12.h4 Nf6 13.Nd3 c5 14.Kg2 a5 15.a3 h5 16.g5 
Nd7 17.Nb5 Nb6 18.Qc2 a4 19.Bd2 Qd7 20.Rh1 Rf7 21.Kf2 Ra6 22.b4 axb3 23.
Qxb3 Na4 24.Nb2 Nxb2 25.Qxb2 Kh7 26.a4 Ng8 27.Bf1 Qd8 28.Bh3 Bxh3 29.Rxh3 
Bf8 30.Rhh1 Be7 31.a5 Qd7 32.Nc3 Bd8 33.Na4 Ne7 34.Qb5 Nc8 35.Nb2 Na7 36.
Qxd7 Rxd7 37.Nd3 Nc8 38.Rhb1 Kg8 39.Bc3 b6 40.axb6 Rxb6 41.Bxe5 dxe5 42.
Nxe5 Rdb7 43.Rxb6 Nxb6 44.Rb1 Kh7 45.Nc6 Bc7 46.e5 1-0

[Event "14th Pan-American ch"]
[Site "Boca Raton USA"]
[Date "2008.11.04"]
[Round "4.10"]
[White "Almeida Saenz, Alfonso"]
[Black "Melekhina, Alisa"]
[Result "1-0"]
[WhiteElo "2378"]
[BlackElo "2299"]
[EventDate "2008.11.01"]
[PlyCount "199"]

1.d4 Nf6 2.Nf3 g6 3.c4 Bg7 4.Nc3 d6 5.g3 O-O 6.Bg2 Nbd7 7.O-O e5 8.b3 a6 
9.e3 Rb8 10.a4 Re8 11.Ba3 Nh5 12.Ra2 e4 13.Ne1 f5 14.g4 Nhf6 15.gxf5 gxf5 
16.f3 exf3 17.Qxf3 Nf8 18.Nd5 Nxd5 19.Qxd5+ Kh8 20.Qf3 Ng6 21.Nd3 Qe7 22.
Bc1 Bh6 23.Kh1 Bd7 24.Qh5 Qh4 25.Nf4 Bxf4 26.Qxh4 Nxh4 27.Rxf4 Nxg2 28.
Rxg2 Rg8 29.Rgf2 Rg6 30.d5 Kg8 31.h3 Re8 32.Kh2 a5 33.R2f3 b6 34.Bb2 Re7 
35.Bd4 Re8 36.Rh4 Re7 37.Rh5 Re4 38.Rg3 f4 39.Rf3 fxe3 40.Bxe3 Kg7 41.Rg5 
Bc8 42.Rgg3 Bd7 43.Kg2 h6 44.Kf2 Be8 45.Bd2 Rxg3 46.Bc3+ Kh7 47.Rxg3 Bg6 
48.Rf3 Re7 49.Rg3 Bc2 50.Bd4 Bd1 51.Rd3 Bh5 52.Rg3 Bd1 53.Rd3 Bh5 54.Bc3 
Re2+ 55.Kf1 Re7 56.Kg1 Be2 57.Rd2 Bh5 58.Bf6 Rf7 59.Bd8 Rd7 60.Bh4 Rf7 61.
Kg2 Kg7 62.Rd4 Bg6 63.Rg4 Kh7 64.Rg3 Bc2 65.Re3 Kg7 66.Bf2 Kf8 67.Kf1 Re7 
68.Rc3 Bd1 69.Be3 Kg7 70.Ke1 Bh5 71.Kd2 Re4 72.Rc1 Bg6 73.Rf1 Bh7 74.Rf3 
Bg6 75.Kc3 Bh5 76.Bd4+ Kh7 77.Rf8 Re7 78.h4 Bd1 79.Rf6 h5 80.Rf1 Bg4 81.
Rf8 Kg6 82.Rf6+ Kh7 83.Kd2 Rd7 84.Be3 Kg7 85.Bd4 Kg8 86.Rh6 Kf8 87.Bf6 Kf7
88.Kc3 Ke8 89.b4 axb4+ 90.Kxb4 Be2 91.Kb5 Bd1 92.Rh8+ Kf7 93.Rd8 Bg4 94.
Kc6 Kxf6 95.Rxd7 Bxd7+ 96.Kxd7 Kf5 97.Kxc7 Kg4 98.Kxd6 Kxh4 99.Kc7 Kg3 
100.d6 1-0

[Event "14th Pan-American ch"]
[Site "Boca Raton USA"]
[Date "2008.11.04"]
[Round "4.11"]
[White "Terry Lujan, Renato Alfredo"]
[Black "Santarius, Erik"]
[Result "1/2-1/2"]
[WhiteElo "2349"]
[BlackElo "2213"]
[EventDate "2008.11.01"]
[PlyCount "118"]

1.d4 d5 2.c4 e6 3.Nc3 Nf6 4.Nf3 Bb4 5.cxd5 exd5 6.Bg5 c6 7.Qc2 h6 8.Bd2 
O-O 9.e3 Re8 10.Bd3 Bd6 11.h3 Qe7 12.O-O-O Ne4 13.Be1 Nd7 14.Kb1 f5 15.g3 
Ndf6 16.Nh4 Bd7 17.Ne2 a5 18.f3 Bb4 19.Ng6 Qd6 20.Ne5 Bxe1 21.Rdxe1 Nf2 
22.Rhf1 Nxd3 23.Qxd3 Be6 24.Qc3 Rec8 25.Rc1 b6 26.Nf4 c5 27.Qa3 Rd8 28.Rf2
c4 29.Qxd6 Rxd6 30.a4 Bd7 31.b3 g5 32.Ne2 b5 33.bxc4 bxc4 34.Nc3 Rb8+ 35.
Rb2 Rb4 36.g4 fxg4 37.hxg4 Rdb6 38.Rc2 Be6 39.Kc1 Kg7 40.Rh2 Bg8 41.Rxb4 
axb4 42.Rb2 b3 43.Rd2 Be6 44.Kb2 Ne8 45.Rd1 Nc7 46.e4 Rd6 47.exd5 Nxd5 48.
Nxc4 Rc6 49.Nxd5 Bxd5 50.Ne3 Bxf3 51.d5 Ra6 52.Rd4 Kf6 53.d6 Ra8 54.Kxb3 
Bc6 55.d7 Ke7 56.Nf5+ Kd8 57.Nxh6 Bxd7 58.Nf7+ Ke7 59.Ne5 Be8 1/2-1/2

[Event "14th Pan-American ch"]
[Site "Boca Raton USA"]
[Date "2008.11.04"]
[Round "4.12"]
[White "Bick, John"]
[Black "Matsuura, Everaldo"]
[Result "0-1"]
[WhiteElo "2245"]
[BlackElo "2469"]
[EventDate "2008.11.01"]
[PlyCount "78"]

1.d4 d5 2.c4 e6 3.Nc3 c6 4.cxd5 exd5 5.Bf4 Nf6 6.e3 Bf5 7.Nge2 Bd6 8.Bxd6 
Qxd6 9.Ng3 Bg6 10.h4 h5 11.Bd3 Ng4 12.Bxg6 Qxg6 13.Nce2 Qd6 14.Qb3 b6 15.
f3 Nf6 16.e4 dxe4 17.fxe4 Qd8 18.O-O-O Nbd7 19.Nf5 O-O 20.e5 Ng4 21.Nf4 c5
22.e6 cxd4 23.Nxh5 Qc7+ 24.Kb1 Nc5 25.exf7+ Rxf7 26.Qf3 Raf8 27.Qxg4 Rxf5 
28.Rxd4 Qe5 29.Rd5 Rf1+ 30.Rd1 Rxh1 31.Rxh1 Rf2 32.Qxg7+ Qxg7 33.Nxg7 Kxg7
34.g4 Na4 35.g5 Rxb2+ 36.Ka1 Rg2 37.Rc1 Kg6 38.a3 Nc5 39.Rf1 Nb3+ 0-1

[Event "14th Pan-American ch"]
[Site "Boca Raton USA"]
[Date "2008.11.04"]
[Round "4.23"]
[White "Barros Vargas, Raul"]
[Black "Hortillosa, Andres"]
[Result "1/2-1/2"]
[WhiteElo "2002"]
[BlackElo "2199"]
[EventDate "2008.11.01"]
[PlyCount "42"]

1.e4 c5 2.Nf3 Nc6 3.d4 cxd4 4.Nxd4 g6 5.Nxc6 bxc6 6.Bd3 Bg7 7.c3 Nf6 8.Bf4
O-O 9.O-O d5 10.Nd2 Qb6 11.Qc2 Nh5 12.Be3 Qc7 13.f4 e5 14.fxe5 Bxe5 15.Nf3
dxe4 16.Bxe4 Bg7 17.Rad1 Ba6 18.Bd3 Bxd3 19.Qxd3 Nf4 20.Qc4 Ne6 21.Nd4 
Nxd4 1/2-1/2